000 01208naa a22003377a 4500
001 BR9400830
003 BR-BrBNA
005 20250721155429.0
007 ta
008 250630b bl.|||m| |||| 00| 0 por d
040 _aBR-BrBNA
_bpor
_cBiblioteca Nacional de Agricultura
041 _a(Pt)
072 _aH20; F30
_b0170
_b1940
_b0240
_b4110
_b4020
090 _aH20 BR9400830
100 1 _aBrandao, N.
100 1 _aAl-Alam, N.H.A.
100 1 _aMartins, R.M.
111 1 _a13. Reuniao Tecnica Anual do Sorgo
_cPelotas, RS (Brazil)
_d24-27 Jul 1984
245 1 _aAvaliacao de doencas fungicas e bacterianas em cultivares de sorgo
500 _aAnais da 13. Reuniao Anual do Sorgo Pelotas, RS (Brasil): 1986. p. 43-52 [6 tables] (BR9400830-AMS)
773 0 _tAnais da 13. Reuniao Anual do Sorgo
_wH20 BR9400830
_gPelotas, RS (Brasil), 1986. p. 43-52
650 _aSorgo Granifero
650 _aSorgo Forrageiro
650 _aSorgo Acucareiro
650 _aFungo
650 _aBacteria
650 _aVariedade
490 _aDocumentos - Centro de Pesquisa Agropecuaria de Terras Baixas de Clima Temperado (Brazil)
_vno. 18
942 _cAMS
_2AGRIS
909 _a202506
_bLúcia
_c55
_dLúcia Elande
999 _c336454
_d336454